[Event "Twente Young Master op-E"]
[Site "Twente"]
[Date "2007.08.10"]
[Round "3"]
[White "Eilers, Luuk"]
[Black "Drozdowski, Konrad"]
[Result "0-1"]
[WhiteElo "1046"]
[BlackElo "1400"]
[PlyCount "53"]
[EventDate "2007.08.08"]
[EventType "swiss"]
[EventRounds "5"]
[EventCountry "NED"]
[SourceTitle "EXT 2008"]
[Source "ChessBase"]
[SourceDate "2007.11.25"]
[SourceVersion "1"]
[SourceVersionDate "2007.11.25"]
[SourceQuality "1"]

1. e4 e5 2. Nf3 Nc6 3. Nc3 Nf6 4. Bc4 Bc5 5. 0-0 0-0 6. d3 h6 7. Be3 Bb6 8. Nd5 Nxd5 9. Bxd5 Nd4 10. c3 Nxf3+ 11. Qxf3 d6 12. Qg3 Qf6 13. d4 c6 14. dxe5 dxe5 15. Bc4 Be6 16. b3 Bxc4 17. bxc4 Bc7 18. f4 exf4 19. Bxf4 Bxf4 20. Rxf4 Qg5 21. Qxg5 hxg5 22. Rg4 f6 23. h4 gxh4 24. Rxh4 f5 25. e5 Rfe8 26. Re1 Re6 27. Rb1 0-1

[Event "Twente Young Master op-E"]
[Site "Twente"]
[Date "2007.08.10"]
[Round "4"]
[White "Eilers, Luuk"]
[Black "Van der Werff, Silvia"]
[Result "0-1"]
[WhiteElo "1046"]
[BlackElo "894"]
[PlyCount "102"]
[EventDate "2007.08.08"]
[EventType "swiss"]
[EventRounds "5"]
[EventCountry "NED"]
[SourceTitle "EXT 2008"]
[Source "ChessBase"]
[SourceDate "2007.11.25"]
[SourceVersion "1"]
[SourceVersionDate "2007.11.25"]
[SourceQuality "1"]

1. e4 e5 2. Nf3 Nc6 3. Nc3 Nf6 4. Bc4 Bc5 5. 0-0 0-0 6. d3 d6 7. Be3 Bxe3 8. fxe3 Bg4 9. Nd5 Re8 10. Nxf6+ Qxf6 11. h3 Bh5 12. g4 Bg6 13. Nh4 Qxh4 14. Rf3 Rad8 15. Qf1 Re7 16. Qf2 Qxf2+ 17. Rxf2 Na5 18. Bd5 c6 19. Bb3 Nxb3 20. axb3 a6 21. c4 d5 22. exd5 cxd5 23. c5 d4 24. e4 Rc8 25. Ra5 Re6 26. Rc2 f6 27. h4 b6 28. Rxa6 h6 29. h5 Bf7 30. b4 bxc5 31. Rxe6 Bxe6 32. Rxc5 Rxc5 33. bxc5 Kf8 34. b4 Ke8 35. b5 Kd8 36. b6 Kc8 37. c6 Bxg4 38. c7 Kb7 39. Kf2 Kxb6 40. Kg3 Bc8 41. Kh4 Kxc7 42. Kg3 Kd6 43. Kh4 g5+ 44. hxg6 Ke7 45. Kh5 f5 46. Kxh6 fxe4 47. g7 Be6 48. Kg5 exd3 49. g8Q Bxg8 50. Kf5 d2 51. Kg5 d1Q 0-1